Survey the facts of each case (Record no. 74022)
[ view plain ]
| 000 -LEADER | |
|---|---|
| fixed length control field | 01172cab a2200265 4500 |
| 001 - CONTROL NUMBER | |
| control field | ABS67365 |
| 008 - FIXED-LENGTH DATA ELEMENTS--GENERAL INFORMATION | |
| fixed length control field | 040106n2003 000 0 eng u |
| 035 ## - SYSTEM CONTROL NUMBER | |
| System control number | (Sirsi) u124724 |
| 100 ## - MAIN ENTRY--PERSONAL NAME | |
| Personal name | Pointing, J. |
| 245 ## - TITLE STATEMENT | |
| Title | Survey the facts of each case |
| 260 ## - PUBLICATION, DISTRIBUTION, ETC. | |
| Date of publication, distribution, etc. | 2003 |
| 490 ## - SERIES STATEMENT | |
| Series statement | Estates Gazette |
| Volume/sequential designation | (0350) 13 December 2003. 88-89(2) |
| 520 ## - SUMMARY, ETC. | |
| Summary, etc. | Considers the nature of surveyors' negligence in comparison with other forms of professional negligence and examines the concepts of duty of care and professional negligence. Asks whether surveyors are not overprotected, given their traditional margin of error and established protection against negligence actions. Cites leading cases. |
| 590 ## - LOCAL NOTE (RLIN) | |
| Local note | ABS |
| 650 ## - SUBJECT ADDED ENTRY--TOPICAL TERM | |
| Topical term or geographic name entry element | SINGER AND FRIEDLANDER LTD V JOHN D WOOD AND CO |
| 650 ## - SUBJECT ADDED ENTRY--TOPICAL TERM | |
| Topical term or geographic name entry element | PROFESSIONAL NEGLIGENCE |
| 650 ## - SUBJECT ADDED ENTRY--TOPICAL TERM | |
| Topical term or geographic name entry element | DUTY OF CARE |
| 650 ## - SUBJECT ADDED ENTRY--TOPICAL TERM | |
| Topical term or geographic name entry element | GREAVES AND CO V BAYNHAM MEIKLE AND PARTNERS |
| 650 ## - SUBJECT ADDED ENTRY--TOPICAL TERM | |
| Topical term or geographic name entry element | CAPITAL AND COUNTIES PLC V HAMPSHIRE CC |
| 650 ## - SUBJECT ADDED ENTRY--TOPICAL TERM | |
| Topical term or geographic name entry element | ECKERSLEY AND PARTNERS V BINNEY AND OTHERS |
| 650 ## - SUBJECT ADDED ENTRY--TOPICAL TERM | |
| Topical term or geographic name entry element | LLOYDS TSB BANK PLC V EDWARD SYMMONS AND PARTNERS |
| 650 ## - SUBJECT ADDED ENTRY--TOPICAL TERM | |
| Topical term or geographic name entry element | FARLEY V SKINNER |
| 690 ## - LOCAL SUBJECT ADDED ENTRY--TOPICAL TERM (OCLC, RLIN) | |
| Topical term or geographic name as entry element | PROFESSIONAL PRACTICE-NEGLIGENCE |
| 942 ## - ADDED ENTRY ELEMENTS (KOHA) | |
| Suppress in OPAC | 0 |
| Withdrawn status | Lost status | Source of classification or shelving scheme | Damaged status | Not for loan | Home library | Current library | Shelving location | Date acquired | Total Checkouts | Full call number | Barcode | Date last seen | Copy number | Price effective from | Koha item type |
|---|---|---|---|---|---|---|---|---|---|---|---|---|---|---|---|
| Dewey Decimal Classification | London | London | Journal article | 06/01/2004 | ABS67365 | 124724-1001 | 06/08/2019 | 1 | 06/08/2019 | Journal article |